000 00394pab a2200169 454500
008 180718b2014 xxu||||| |||| 00| 0 eng d
100 _aKannan, Divya
245 _aCaught in net
260 _c2014
300 _ap.68-69.
362 _a8 Mar
650 _aNational eligibility test
700 _aKhan, Saqib
773 _aEconomic and Political Weekly
908 _aN
909 _a103566
999 _c103562
_d103562